| 000 | 00359nam a2200121Ia 4500 | ||
|---|---|---|---|
| 008 | 160609s9999 xx 000 0 und d | ||
| 100 | _aMurray, Scott. | ||
| 245 | _aInteractive Data Visualization for the Web | ||
| 245 | _cby Scott Murray | ||
| 260 | _c2012 | ||
| 650 | _xWEB DESIGN | ||
| 856 | _uhttp://chimera.labs.oreilly.com/books/1230000000345/index.html | ||
| 999 |
_c295816 _d295816 |
||